<?xml version="1.0" encoding="UTF-8"?><?xml-stylesheet type="text/xsl" href="static/style.xsl"?><OAI-PMH xmlns="http://www.openarchives.org/OAI/2.0/" xmlns:xsi="http://www.w3.org/2001/XMLSchema-instance" xsi:schemaLocation="http://www.openarchives.org/OAI/2.0/ http://www.openarchives.org/OAI/2.0/OAI-PMH.xsd"><responseDate>2026-04-28T10:55:05Z</responseDate><request verb="GetRecord" identifier="oai:riubu.ubu.es:10259/8179" metadataPrefix="marc">https://riubu.ubu.es/oai/request</request><GetRecord><record><header><identifier>oai:riubu.ubu.es:10259/8179</identifier><datestamp>2024-03-22T08:24:35Z</datestamp><setSpec>com_10259_5226</setSpec><setSpec>com_10259_5086</setSpec><setSpec>com_10259_2604</setSpec><setSpec>col_10259_5227</setSpec></header><metadata><record xmlns="http://www.loc.gov/MARC21/slim" xmlns:doc="http://www.lyncode.com/xoai" xmlns:xsi="http://www.w3.org/2001/XMLSchema-instance" xmlns:dcterms="http://purl.org/dc/terms/" xsi:schemaLocation="http://www.loc.gov/MARC21/slim http://www.loc.gov/standards/marcxml/schema/MARC21slim.xsd">
<leader>00925njm 22002777a 4500</leader>
<datafield tag="042" ind1=" " ind2=" ">
<subfield code="a">dc</subfield>
</datafield>
<datafield tag="720" ind1=" " ind2=" ">
<subfield code="a">Sánchez Hernández, Sara</subfield>
<subfield code="e">author</subfield>
</datafield>
<datafield tag="260" ind1=" " ind2=" ">
<subfield code="c">2017</subfield>
</datafield>
<datafield tag="520" ind1=" " ind2=" ">
<subfield code="a">Este trabajo pretende mostrar las posibilidades dramatúrgicas de la Égloga representada por las mismas personas de Juan del Encina, conocida como Égloga de Mingo, Gil y Pascuala, incluida en su Cancionero (Salamanca, 1496). Se analizarán los recursos escénicos de vestimenta y atrezo empleados por el dramaturgo para caracterizar a sus personajes y para mostrar su cambio de vestimenta (y de estado) en escena.</subfield>
</datafield>
<datafield tag="520" ind1=" " ind2=" ">
<subfield code="a">This paper aims to show the dramatic possibilities of Juan del Encina’s Égloga representada por las mismas personas, best known as Égloga de Mingo, Gil y Pascuala, included in the first edition of his Cancionero (Salamanca, 1496). The scenic resources of disguise and atrezzo will be analyzed to typify their characters and to show their change of disguise (and status) on stage.</subfield>
</datafield>
<datafield tag="024" ind2=" " ind1="8">
<subfield code="a">2328-1308</subfield>
</datafield>
<datafield tag="024" ind2=" " ind1="8">
<subfield code="a">http://hdl.handle.net/10259/8179</subfield>
</datafield>
<datafield tag="024" ind2=" " ind1="8">
<subfield code="a">10.13035/H.2017.05.02.32</subfield>
</datafield>
<datafield tag="024" ind2=" " ind1="8">
<subfield code="a">2328-1308</subfield>
</datafield>
<datafield ind1=" " ind2=" " tag="653">
<subfield code="a">Juan del Encina</subfield>
</datafield>
<datafield ind1=" " ind2=" " tag="653">
<subfield code="a">Atuendo</subfield>
</datafield>
<datafield ind1=" " ind2=" " tag="653">
<subfield code="a">Cosmética</subfield>
</datafield>
<datafield ind1=" " ind2=" " tag="653">
<subfield code="a">Églogas dramáticas amorosas</subfield>
</datafield>
<datafield ind1=" " ind2=" " tag="653">
<subfield code="a">Teatralidad</subfield>
</datafield>
<datafield ind1=" " ind2=" " tag="653">
<subfield code="a">Juan del Encina</subfield>
</datafield>
<datafield ind1=" " ind2=" " tag="653">
<subfield code="a">Clothing</subfield>
</datafield>
<datafield ind1=" " ind2=" " tag="653">
<subfield code="a">Cosmetics</subfield>
</datafield>
<datafield ind1=" " ind2=" " tag="653">
<subfield code="a">Love dramatic eclogues</subfield>
</datafield>
<datafield ind1=" " ind2=" " tag="653">
<subfield code="a">Theatricality</subfield>
</datafield>
<datafield tag="245" ind1="0" ind2="0">
<subfield code="a">«A fuer de la palaciega». Atuendo y afeites en la «Égloga de Mingo, Gil y Pascuala» de Encina</subfield>
</datafield>
</record></metadata></record></GetRecord></OAI-PMH>